Catálogo
 En Linea

The practice of cancer surgery / (Registro nro. 36092)

Detalles MARC
000 -CABECERA
campo de control de longitud fija 00524nam a2200169 a 4500
001 - NÚMERO DE CONTROL
campo de control 000036601
005 - FECHA Y HORA DE LA ÚLTIMA TRANSACCIÓN
campo de control 20200930075825.0
008 - DATOS DE LONGITUD FIJA--INFORMACIÓN GENERAL
campo de control de longitud fija 120123s1982 xxua 000 0 spa d
020 ## - NÚMERO INTERNACIONAL ESTÁNDAR DEL LIBRO
Número Internacional Estándar del Libro 0838578616
040 ## - FUENTE DE LA CATALOGACIÓN
Centro catalogador/agencia de origen DO-SdBNP
Lengua de catalogación spa
Centro/agencia transcriptor BNPHU
082 ## - NÚMERO DE LA CLASIFICACIÓN DECIMAL DEWEY
Número de clasificación xxxx
Número de documento/Ítem A388p
100 1# - ENTRADA PRINCIPAL--NOMBRE DE PERSONA
Nombre de persona Alfonso, Antonio E.
9 (RLIN) 62885
245 13 - MENCIÓN DE TÍTULO
Título The practice of cancer surgery /
Mención de responsabilidad, etc. Antonio E. Alfonso, Bernard Garner.
260 ## - PUBLICACIÓN, DISTRIBUCIÓN, ETC.
Lugar de publicación, distribución, etc. New York :
Nombre del editor, distribuidor, etc. Appleton-Century-Crofts,
Fecha de publicación, distribución, etc. 1982.
300 ## - DESCRIPCIÓN FÍSICA
Extensión xv., 477 p. :
Otras características físicas il. ;
Dimensiones 24 cm.
700 1# - PUNTO DE ACCESO ADICIONAL--NOMBRE DE PERSONA
Nombre de persona Garner, Bernard
9 (RLIN) 62886
Existencias
Estado de retiro Estado de pérdida Restricciones de uso No para préstamo Código de colección Localización permanente Ubicación/localización actual Ubicación en estantería Fecha de adquisición Número de inventario Total de préstamos Signatura topográfica completa Código de barras Fecha visto por última vez Precio válido a partir de Tipo de ítem Koha
        Monografías: Libros y Folletos General General Orden iniciada 23.01.2012 LF1   xxxx A388p 36601-10 25.06.2020 25.06.2020 No se presta
        Monografías: Libros y Folletos General General Orden iniciada 23.01.2012 LF1   xxxx A388p 36602-10 25.06.2020 25.06.2020 No se presta
        Monografías: Libros y Folletos General General Orden iniciada 23.01.2012 LF1   xxxx A388p 36603-10 25.06.2020 25.06.2020 No se presta
        Monografías: Libros y Folletos General General Orden iniciada 23.01.2012 LF1   xxxx A388p 36604-10 25.06.2020 25.06.2020 No se presta

Con tecnología Koha